| 000 | 00776nam a2200217 u 4500 | ||
|---|---|---|---|
| 001 | 000336342 | ||
| 003 | AM-YeHGA | ||
| 005 | 20250618072112.0 | ||
| 008 | 040304s1972 ai r 000 0 arm d | ||
| 040 | _aAM-YeHGA | ||
| 041 | 0 | _aarm | |
| 080 | _aAp2 | ||
| 090 | _aԱ-28 | ||
| 245 | 1 | 0 |
_aԳազարե քթիկը : _b[Հեքիաթներ] / _cԳ.Վ. Ալագյոզյան; Խմբ.՝ Ե.Ս. Զարեհյան; Նկ.՝ Ս.Գ. Սաֆյան. |
| 260 |
_aԵրևան : _bՀայաստան, _c1972. |
||
| 300 |
_a16 էջ : _bնկ. ; _c20 սմ. |
||
| 650 | 1 | 4 |
_aՀայ մանկական գրականություն _xՀեքիաթ |
| 700 | 1 |
_aԶարեհյան, Ե.Ս. _eխմբ. _4edt |
|
| 700 | 1 |
_aՍաֆյան, Սպարտակ Գևորգի, _d1929-2001 _eնկ. _4art _94028 |
|
| 090 | _c128156 | ||
| 999 |
_c126794 _d126794 |
||